Sholapur City: socio-economic studies (Record no. 68711)
[ view plain ]
| 000 -LEADER | |
|---|---|
| fixed length control field | 00953cam a22002651 4500 |
| 001 - CONTROL NUMBER | |
| control field | sa 66003072 |
| 003 - CONTROL NUMBER IDENTIFIER | |
| control field | DLC |
| 005 - DATE AND TIME OF LATEST TRANSACTION | |
| control field | 20260227112233.0 |
| 008 - FIXED-LENGTH DATA ELEMENTS--GENERAL INFORMATION | |
| fixed length control field | 831228s1965 ii 000 0 eng |
| 010 ## - LIBRARY OF CONGRESS CONTROL NUMBER | |
| LC control number | sa 66003072 |
| 015 ## - NATIONAL BIBLIOGRAPHY NUMBER | |
| National bibliography number | GB66-4473 |
| 035 ## - SYSTEM CONTROL NUMBER | |
| System control number | (OCoLC)21625636 |
| 040 ## - CATALOGING SOURCE | |
| Original cataloging agency | DLC |
| Transcribing agency | CU |
| Modifying agency | VtU |
| -- | Uk |
| -- | DLC |
| 042 ## - AUTHENTICATION CODE | |
| Authentication code | premarc |
| 050 00 - LIBRARY OF CONGRESS CALL NUMBER | |
| Classification number | HC438.S5 |
| Item number | G3 1965 |
| 100 1# - MAIN ENTRY--PERSONAL NAME | |
| Personal name | Gadgil, D. R. |
| Fuller form of name | (Dhananjaya Ramchandra), |
| Dates associated with a name | 1901-1971. |
| 245 10 - TITLE STATEMENT | |
| Title | Sholapur City: socio-economic studies |
| Statement of responsibility, etc. | [by] D.R. Gadgil (assisted by the staff of the Institute) |
| 260 ## - PUBLICATION, DISTRIBUTION, ETC. | |
| Place of publication, distribution, etc. | Poona, Gokhale Institute of Politics and Economics; |
| -- | Bombay, |
| Name of publisher, distributor, etc. | New York, Asia Pub. House, |
| Date of publication, distribution, etc. | [1965] |
| 300 ## - PHYSICAL DESCRIPTION | |
| Extent | xii, 337 p. |
| Other physical details | maps. |
| Dimensions | 25 cm |
| 490 1# - SERIES STATEMENT | |
| Series statement | Gokhale Institute studies, |
| Volume/sequential designation | no. 46 |
| 504 ## - BIBLIOGRAPHY, ETC. NOTE | |
| Bibliography, etc. note | Bibliographical footnotes |
| 651 #0 - SUBJECT ADDED ENTRY--GEOGRAPHIC NAME | |
| Geographic name | Sholāpur (India) |
| General subdivision | Economic conditions. |
| 651 #0 - SUBJECT ADDED ENTRY--GEOGRAPHIC NAME | |
| Geographic name | Sholāpur (India) |
| General subdivision | Social conditions. |
| 830 #0 - SERIES ADDED ENTRY--UNIFORM TITLE | |
| Uniform title | Gokhale Institute studies ; |
| Volume/sequential designation | no. 46. |
No items available.